| 000 | 00445nam a22001697a 4500 | ||
|---|---|---|---|
| 003 | OSt | ||
| 005 | 20260416050910.0 | ||
| 008 | 260416b |||||||| |||| 00| 0 eng d | ||
| 020 | _a978-0-446-56733-6 | ||
| 040 |
_aDWCL-Main Lib _cOC |
||
| 082 | _aFic. Sp736 2006 | ||
| 100 | _aSparks, Nicholas | ||
| 245 | _aDear John / | ||
| 260 |
_aNew York : _bGrand Central Publishing, _cc2006. |
||
| 300 |
_a333 p. ; _c17 cm. |
||
| 942 |
_2ddc _cFIC. _mFic. _n0 |
||
| 999 |
_c9495 _d9495 |
||